00670nam a2200217 i 4500003000900000005001700009007000300026008004100029020001500070040003000085082001400115100003100129245007400160264003500234300004500269336002700314337003300341338002800374490001900402700003100421DO-SdBNP20240422095044.0ta240422s1992 xxu 001 0dspa d a8471004437 aDO-SdBNPbspacBNPHUerda 4bB174i222 aBalcácer, Juan D.eautor aLa independencia dominicana /cJuan D. Barcácer, Manuel A. García aSanto Domingo :bMapfre,c1992 a243 páginas :bilustraciones ;c22 cm. 2rdacontentatextobtxt 2rdamediaasin mediaciónbn 2rdacarrieravolumenbnc aMapfre ;v1492 aGarcía, Manuel A.eautor